00386nam a2200133Ia 4500008004100000100005400041245004700095250001200142260004400154300000800198650002400206942000700230999001500237190216s9999||||xx |||||||||||||| ||und|| a"Jeffrey. Gh, Bassett J, Mendham J And Denney Rc" 0aTextbook Of Quantitative Chemical Analysis a5th Ed. bThe English Language Book Societyc1939 a877 aChemistry-Chemistry cBK c2812d2812